A framework for task-based learning

Saved in:
Bibliographic Details
Main Author: Willis, Jane
Format: Book
Language:English
Published: England : Longman, 1996
Series:Longman handbooks for language teachers
Subjects:
Tags: Add Tag
No Tags, Be the first to tag this record!

MARC

LEADER 00000nam a2200000 i 4500
001 1/64667
008 980817s1996 eng d
020 |a 0582259738 
035 |l 10029468 
040 |a GR-MY-UA  |b gre  |e aacr 
041 0 |a eng 
082 0 |a 428.2407 
100 1 |a Willis, Jane. 
245 1 2 |a A framework for task-based learning /  |c Jane Willis 
260 |a England :   |b Longman,   |c 1996 
300 |a vi, 183 p. 
490 1 |a Longman handbooks for language teachers 
504 |a Includes bibliographical references and index 
650 0 0 |a English language  |x Study and teaching  |x Foreign speakers. 
650 0 0 |a Language and languages  |x Study and teaching. 
830 0 |a Longman handbooks for language teachers 
852 |a INST  |b CHIOS  |e 19980817  |h 428.2407 WIL  |p 005200015926  |q 005200015926  |t BK  |y 0 
852 |a INST  |b RHODES  |e 20000308  |h 407 WIL  |p 005400014676  |q 005400014676  |t BK  |y 0 
901 |a BIBL-1998-2 
901 |a BIBL4-1999-2 
909 |a Χ  |b 058366 
909 |a Ρ  |b 066282 
922 |a 2ΕΛΗ  |b 199807  |c ΤΔΕ  |d ΠΑΠΑΣΩΤΗΡΙΟΥ 
922 |a 4ΕΛΗ  |b 199906  |c ΚΠΣ/154  |d LEADER BOOKS